ბათუმის შოთა რუსთაველის სახელმწიფო უნივერსიტეტის ბიბლიოთეკა

მოთხრობები ნამდვილ ადამიანებზე. (ბიბ.ჩანაწერი № 41925)

000 -LEADER
fixed length control field 00804nam a2200217Ia 4500
001 - CONTROL NUMBER
control field 8609
003 - CONTROL NUMBER IDENTIFIER
control field GE_BSU
008 - FIXED-LENGTH DATA ELEMENTS--GENERAL INFORMATION
fixed length control field 181216s||||||||xx |||||||||||||| ||und||
040 ## - CATALOGING SOURCE
Transcribing agency GE_BSU
080 ## - UNIVERSAL DECIMAL CLASSIFICATION NUMBER
Universal Decimal Classification number 821.353.1-32
100 ## - MAIN ENTRY--PERSONAL NAME
Personal name თორდუა, ვლადიმერ
245 ## - TITLE STATEMENT
Title მოთხრობები ნამდვილ ადამიანებზე.
245 ## - TITLE STATEMENT
Statement of responsibility, etc. რედ.: შ. კაპანაძე; მხატვ.: თ. ჯვარშეიშვილი.
260 ## - PUBLICATION, DISTRIBUTION, ETC.
Place of publication, distribution, etc. თბილისი.
260 ## - PUBLICATION, DISTRIBUTION, ETC.
Name of publisher, distributor, etc. საბჭ. საქართველო
260 ## - PUBLICATION, DISTRIBUTION, ETC.
Date of publication, distribution, etc. 1967
300 ## - PHYSICAL DESCRIPTION
Extent 218 გვ; 20 სმ.
300 ## - PHYSICAL DESCRIPTION
Other physical details 1 ფ. პორტრ.
653 ## - INDEX TERM--UNCONTROLLED
Uncontrolled term მოთხრობები ნამდვილ ადამიანებზე.
942 ## - ADDED ENTRY ELEMENTS (KOHA)
Koha item type წიგნი
ეგზემპლარები
Withdrawn status Lost status Damaged status Not for loan Date acquired Barcode Date last seen Price effective from Koha item type
        2018-12-17 31041 2018-12-17 2018-12-17 წიგნი